Geography Quiz

Random Geography or State Quiz

Largest Western US Cities Quiz Stats

 Plays Quiz Updated Aug 26, 2021

     
Support Sporcle.
Go Orange.
Score 0/25 Timer 06:00
3 Plays Today
Rank City % Correct
2Los Angeles, California
98.5%
18Seattle, Washington
94%
17San Francisco, California
93.4%
8San Diego, California
91.8%
9Dallas, Texas
91.4%
4Houston, Texas
90.2%
5Phoenix, Arizona
90.2%
19Denver, Colorado
88%
26Las Vegas, Nevada
85%
25Portland, Oregon
84.9%
7San Antonio, Texas
77.5%
11Austin, Texas
75.9%
35Sacramento, California
75%
Rank City % Correct
36Kansas City, Missouri
70.4%
22Oklahoma City, Oklahoma
70%
10San Jose, California
66%
23El Paso, Texas
55.4%
13Fort Worth, Texas
53.9%
41Colorado Springs, Colorado
53.5%
32Albuquerque, New Mexico
51.9%
40Omaha, Nebraska
49.1%
33Tucson, Arizona
48.7%
34Fresno, California
37.1%
43Long Beach, California
30.5%
38Mesa, Arizona
26.2%

From the Vault

50 Flicks to Click (1979)

by MSUKent

Movies 7m
We thought everyone was suffering from Disco Fever in 1979, but apparently some pretty good films came out as well.
Remove Ads.
Support Sporcle.
Get the best of Sporcle when you Go Orange. This ad-free experience offers more features, more stats, and more fun while also helping to support Sporcle. Thank you for becoming a member.

Show Comments

Extras

Top Quizzes Today


Score Distribution

Your Account Isn't Verified!

In order to create a playlist on Sporcle, you need to verify the email address you used during registration. Go to your Sporcle Settings to finish the process.

Report this User

Report this user for behavior that violates our Community Guidelines.

Details: